MARC

LEADER 00000nam0a2200000 4500
001 375743
005 20231101051705.0
010 |a 5020032891 
020 |a RU  |b 89-46517 
035 |a (RuTPU)RU\TPU\retro\33182 
035 |a RU\TPU\book\227195 
090 |a 375743 
100 |a 20221221d1989 km y0rusy5003 ca 
101 0 |a rus 
102 |a RU 
105 |a a z 001zy 
200 1 |a Подземные воды в водном балансе крупных регионов  |f И. С. Зекцер, Р. Г. Джамалов  |g Академия наук СССР (АН СССР), Институт водных проблем (ИВП) ; под ред. М. Р. Никитина 
210 |a Москва  |c Наука  |d 1989 
215 |a 124 с.  |c ил.  |e [1] л. схем 
320 |a Библиогр.: с. 118-122. 
610 1 |a подземные стоки 
610 1 |a гидрогеология 
610 1 |a подземные воды 
610 1 |a водный баланс 
610 1 |a оценка 
610 1 |a картирование 
610 1 |a аэрокосмическая информация 
675 |a 556.38  |z rus  |v 3 
700 1 |a Зекцер  |b И. С.  |g Игорь Семенович  |4 070 
701 1 |a Джамалов  |b Р. Г.  |g Роальд Гамидович  |4 070 
702 1 |a Никитин  |b М. Р.  |4 340 
712 0 2 |a Академия наук СССР (АН СССР)  |b Институт водных проблем (ИВП)  |c (Москва)  |2 stltpush  |3 (RuTPU)RU\TPU\col\11860 
801 0 |a RU  |b RuMRKP  |c 19950417  |g psbo 
801 1 |a RU  |b 63413507  |c 20120201 
801 2 |a RU  |b 63413507  |c 20221221  |g RCR 
942 |c BK